| 000 | 007180000a22002050004500 | ||
|---|---|---|---|
| 090 |
_aAR _b00963 |
||
| 245 | 1 | 0 | _aRelatedness and population differentiation in a colonial butterfly, Euchira socialis (<Lepidoptera: Pieridae>) |
| 650 | 1 | 4 |
_aEntomología _94483 |
| 650 | 1 | 4 |
_aEstructura genética _912347 |
| 650 | 1 | 4 |
_aMariposas _993025 |
| 650 | 1 | 4 |
_aReproducción animal _987770 |
| 653 |
_fPieridae _gEucheira _eEucheira socialis |
||
| 041 | 0 | _aInglés | |
| 700 | 1 |
_aGeiger, Hansjürg _994154 |
|
| 700 | 1 |
_aUnderwood, Dessie L. _994155 |
|
| 700 | 1 |
_aLLorente Busquets, Jorge E. _994156 |
|
| 100 | 1 |
_aPorter, Adam H. _994157 |
|
| 942 | _cARTICULO | ||
| 773 | 1 |
_tEntomological Society of America _3345 _h2 _q230-236 _d1997 _g90 |
|
| 999 |
_c10051 _d10051 |
||